01736nam a2200325 i 4500001001000000003000900010005001700019007000300036008004100039040003000080041000800110082002300118100005600141245010300197246007000300264004100370300004500411336002700456337003300483338002800516500004300544590007500587590002600662910000700688942001400695952018400709952025000893952025001143999001701393000013495DO-SdBNP20241126125514.0ta091125s1963 dr a 000 0 spa d aDO-SdBNPbspacBNPHUerda hspa a972.9304bJ61d2221 aJiménez Castillo, Miguel Altagraciaeautor93082610a17 de Abril de 1863 :b1er Centenario de la Restauración /cMiguel Altagracia Jiménez Castillo aDisisiete de abril de 1863 :b1er Centenario de la Restauración aSanto Domingo :bLa Nación,c1963. a270 páginas :bilustraciones ;c24 cm. ardacontentbtexto2txt ardamediabsin mediación2n ardacarrierbvolumen2nc aIncluye notas al pie de las páginas. aPerteneció a la biblioteca personal de Juan Isidro Jimenes Grullón aInventariado, 2024/DG aDG 2ddccLBS1 0010718PDaPDbPDcCTd2009-11-25iLF1l0oxxx J61dp13495-10r2020-06-25w2020-06-25yLFPDzPerteneció a la biblioteca personal de Juan Isidro Jimenes GrullónZNo se presta 00102ddc51708PDaBNPHUbBNPHUcCTd2024-11-26eDonado por la Presidencia de la República Dominicana 2023l0oBNPHU PD 972.9304 J61dp2024-6703r2024-11-26te.2w2024-11-26yLBS1zPertenecio a la biblioteca personal de Emilio Cordero Michel 00102ddc56708DSaBNPHUbBNPHUcCTd2024-11-26eDonado por la Presidencia de la República Dominicana 2023l0oBNPHU DS 972.9304 J61dp2024-6704r2024-11-26te.3w2024-11-26yLBS1zPertenecio a la biblioteca personal de Emilio Cordero Michel c13119d13119